Top 10 football players with the highest combined transfer fees - Statistics

General Stats
  • This quiz has been taken 35 times
  • The average score is 6 of 10
Answer Stats
Nationality Answer Combined transfer fee % Correct
Portugese Cristiano Ronaldo €247 million
100%
Brazilian Neymar €400 million
100%
Belgian Romelu Lukaku €369.22 million
94%
French Ousmane Dembele €220 million
71%
Portugese Joao Felix €225.7 million
61%
French Antoine Griezmann €206 million
45%
Dutch Matthijs de Ligt €197.5 million
45%
Spanish Álvaro Morata €208 million
42%
Brazilian Philippe Coutinho €180.3 million
42%
Brazilian Matheus Cunha €192.2 million
3%
No matching quizzes found
Score Distribution
Percent of People with Each Score
Percentile by Number Answered
Your Score History
You have not taken this quiz